Normal view
MARC view
- MUHAMMAD SAMI HARIS NADEEM SAAD AHMAD MUSTAFA MEHDI
Entry Personal Name
001 - CONTROL NUMBER
- control field: 130940
003 - CONTROL NUMBER IDENTIFIER
- control field: NUST
005 - DATE AND TIME OF LATEST TRANSACTION
- control field: 20251006152648.0
008 - FIXED-LENGTH DATA ELEMENTS
- fixed length control field: 251006|| aca||aabn | a|a d
040 ## - CATALOGING SOURCE
- Original cataloging agency: NUST
- Transcribing agency: NUST
100 ## - HEADING--PERSONAL NAME
- Personal name: MUHAMMAD SAMI HARIS NADEEM SAAD AHMAD MUSTAFA MEHDI
670 ## - SOURCE DATA FOUND
- Source citation: Work cat.: (NUST): MUHAMMAD SAMI HARIS NADEEM SAAD AHMAD MUSTAFA MEHDI, PR-SOF-2563-Bike Conversion Kit For Internal Combustion Engine Replacement, 2025.
